PALESTRA DEL CLERO. RIVISTA DI CULTURA E PRATICA ECCLESIASTICA. VOL. I. (Record n. 323562)
[ formato base ]
| 000 -LEADER | |
|---|---|
| fixed length control field | 01839nas a2200277Ia 4500 |
| 001 - CONTROL NUMBER | |
| control field | R262-R5114 |
| 003 - CONTROL NUMBER IDENTIFIER | |
| control field | IT-CnALBA |
| 008 - FIXED-LENGTH DATA ELEMENTS--GENERAL INFORMATION | |
| fixed length control field | 170116c99999999xx |||||||||||| ||und|| |
| 040 ## - CATALOGING SOURCE | |
| Original cataloging agency | IT-CnALBA |
| Transcribing agency | IT-CnALBA |
| 041 ## - LANGUAGE CODE | |
| Language code of text/sound track or separate title | ITALIANO |
| 999 ## - SYSTEM CONTROL NUMBERS (KOHA) | |
| Koha Dewey Subclass [OBSOLETE] | SI |
| 100 ## - MAIN ENTRY--PERSONAL NAME | |
| Personal name | BAGGIO ATTILIO, PROF. |
| 210 ## - ABBREVIATED TITLE | |
| Abbreviated title | PALESTRA DEL CLERO |
| 222 ## - KEY TITLE | |
| Key title | PALESTRA DEL CLERO |
| 245 #0 - TITLE STATEMENT | |
| Title | PALESTRA DEL CLERO. RIVISTA DI CULTURA E PRATICA ECCLESIASTICA. VOL. I. |
| 250 ## - EDITION STATEMENT | |
| Edition statement | 1a ed. |
| 260 ## - PUBLICATION, DISTRIBUTION, ETC. (IMPRINT) | |
| Place of publication, distribution, etc. | PA ROV. BELL. |
| Name of publisher, distributor, etc. | ISTIT. VEN. ARTI GRAF. |
| Date of publication, distribution, etc. | 1932 [1° Ed.:1932 - Ed.Ling.Originale: 1932] |
| 300 ## - PHYSICAL DESCRIPTION | |
| Extent | 592 p. |
| 310 ## - CURRENT PUBLICATION FREQUENCY | |
| Current publication frequency | SETTIMANALE |
| 362 ## - DATES OF PUBLICATION AND/OR SEQUENTIAL DESIGNATION | |
| Dates of publication and/or sequential designation | Fascicolo: 1-25 / Anno: 11 (1932) |
| 500 ## - GENERAL NOTE | |
| General note | DIRITTO CANONICO, P. VITO, AVVOCATO. DIRITTO LITURGICO. CASI DI MORALE. INDICE ANALITICO MATERIE. IL TRATTATO DOGMATICO SULLE TRACCE DELLA PENTOPOLI, GOLIA G. DONI E BEATITUDINI. LE NOTE TELOGICHE. PENSIERO TEOLOGICO E CULTURA MODERNA. DOTTRINE DEI PROTESTANTI SULL'EUCARESTIA. IL CONCETTO DELLA TEOLOGIA, REGINALDO FEI. CULTO DELLE SPECIE. ISTITUZIONE DEI SACRAMENTI. PIANO DI DIO PER LA SALVEZZA DELL'UOMO IN EFESINI. MARIA MEDIATRICE DI TUTTE LE GRAZIE. DANNAZIONE DI GIUDA E CAINO. |
| 501 ## - WITH NOTE | |
| With note | Società San Paolo EM - Piazza San Paolo, 14 - 12051 ALBA (CN) (non commercial uses only) ® Copyright 2017 |
| 520 ## - SUMMARY, ETC. | |
| Summary, etc. | DIRITTO CANONICO, P. VITO, AVVOCATO. DIRITTO LITURGICO. CASI DI MORALE. INDICE ANALITICO MATERIE. IL TRATTATO DOGMATICO SULLE TRACCE DELLA PENTOPOLI, GOLIA G. DONI E BEATITUDINI. LE NOTE TELOGICHE. PENSIERO TEOLOGICO E CULTURA MODERNA. DOTTRINE DEI PROTESTANTI SULL'EUCARESTIA. IL CONCETTO DELLA TEOLOGIA, REGINALDO FEI. CULTO DELLE SPECIE. ISTITUZIONE DEI SACRAMENTI. PIANO DI DIO PER LA SALVEZZA DELL'UOMO IN EFESINI. MARIA MEDIATRICE DI TUTTE LE GRAZIE. DANNAZIONE DI GIUDA E CAINO. |
| 650 ## - SUBJECT ADDED ENTRY--TOPICAL TERM | |
| Topical term or geographic name as entry element | ECCLESIOLOGIA |
| 942 ## - ADDED ENTRY ELEMENTS (KOHA) | |
| Koha item type | RIVISTA |
| 957 ## - | |
| -- | 1 |
| 999 ## - SYSTEM CONTROL NUMBERS (KOHA) | |
| -- | 1 |
| Withdrawn status | Lost status | Damaged status | Not for loan | Home library | Current library | Date acquired | Total Checkouts | Full call number | Date last seen | Price effective from | Koha item type | Public note |
|---|---|---|---|---|---|---|---|---|---|---|---|---|
| Buone Condizioni | Not For Loan | ALBA - Biblioteca | ALBA - Biblioteca | 16/01/2017 | R262-R5114 | 16/01/2017 | 16/01/2017 | RIVISTA | (data import: 16 gennaio 2017) - By Epidotti, Vaglietti. |